00722nam a22002417a 450000500170000001000130001702000100003003500130004003700160005304000120006908200220008110000250010324500550012824600450018326000600022827000470028830000200033550000200035565000240037565000320039965000230043165000260045420170123162347.0 aA-441457 c10.00 aA-441457 bCen Lib/Ret aDPLbUR a841.08bج م ی  aجمیل جالبی  aقلندر بخش جرات /cجمیل جالبی  aQalander bakhsh jarat /bby Jameel Jalbi aنیی دہلی bمکتبہ جامہ لمیٹڈ c1990 bنیی دہلی aجامہ نگر e110025 a63p. c21cm(Hb) aکتابیات  aادب -- اردو  aاردو غزل تنقید  aLiterature -- Urdu aUrdu poetry criticism